[Event "DEM U12 2025"]
[Site "Willingen GER"]
[Date "2025.06.08"]
[Round "1"]
[White "Hellriegel, Hannes"]
[Black "Rusch, Levi Adrian"]
[Result "1-0"]
[Termination "normal"]
[Board "23"]
[WhiteElo "1849"]
[BlackElo "1660"]
[WhiteClock "00:04:52"]
[BlackClock "00:03:59"]
[PlyCount "141"]
[WhiteFideId "34623701"]
[BlackFideId "34660224"]
[EventCountry "GER"]
[EventRounds "9"]
[EventType "swiss"]
[EventDate "2025.06.07"]

1. e4 {[%clk 01:30:58]} {[%emt 00:00:01]} e6 {[%clk 01:30:58]} {[%emt
00:00:03]} 2. d4 {[%clk 01:31:24]} {[%emt 00:00:04]} d5 {[%clk 01:31:27]}
{[%emt 00:00:01]} 3. e5 {[%clk 01:31:49]} {[%emt 00:00:04]} c5 {[%clk
01:31:56]} {[%emt 00:00:02]} 4. c3 {[%clk 01:32:15]} {[%emt 00:00:04]} Nc6
{[%clk 01:32:22]} {[%emt 00:00:04]} 5. Nf3 {[%clk 01:32:41]} {[%emt 00:00:03]}
Qb6 {[%clk 01:32:45]} {[%emt 00:00:08]} 6. a3 {[%clk 01:33:07]} {[%emt
00:00:04]} cxd4 {[%clk 01:31:13]} {[%emt 00:02:02]} 7. cxd4 {[%clk 01:32:05]}
{[%emt 00:01:31]} Nge7 {[%clk 01:30:01]} {[%emt 00:01:42]} 8. b4 {[%clk
01:24:41]} {[%emt 00:07:54]} Nf5 {[%clk 01:29:32]} {[%emt 00:00:59]} 9. Bb2
{[%clk 01:17:55]} {[%emt 00:07:16]} Be7 {[%clk 01:23:32]} {[%emt 00:06:30]} 10.
Bd3 {[%clk 01:08:08]} {[%emt 00:10:18]} a6 {[%clk 01:19:50]} {[%emt 00:04:12]}
11. O-O {[%clk 01:05:08]} {[%emt 00:03:30]} O-O {[%clk 01:16:49]} {[%emt
00:03:31]} 12. h4 {[%clk 00:56:15]} {[%emt 00:09:23]} g6 {[%clk 01:14:07]}
{[%emt 00:03:13]} 13. Bxf5 {[%clk 00:51:27]} {[%emt 00:05:17]} exf5 {[%clk
01:14:10]} {[%emt 00:00:27]} 14. Nc3 {[%clk 00:49:40]} {[%emt 00:02:17]} Be6
{[%clk 01:12:44]} {[%emt 00:01:57]} 15. Rc1 {[%clk 00:44:02]} {[%emt 00:06:08]}
Rac8 {[%clk 01:12:18]} {[%emt 00:00:55]} 16. Re1 {[%clk 00:40:51]} {[%emt
00:03:41]} Qd8 {[%clk 01:08:39]} {[%emt 00:04:09]} 17. g3 {[%clk 00:38:07]}
{[%emt 00:03:15]} f4 {[%clk 01:07:57]} {[%emt 00:01:11]} 18. Qb3 {[%clk
00:36:16]} {[%emt 00:02:21]} Bg4 {[%clk 01:06:48]} {[%emt 00:01:39]} 19. Nxd5
{[%clk 00:33:21]} {[%emt 00:03:26]} Be6 {[%clk 01:03:59]} {[%emt 00:03:19]} 20.
Nxe7+ {[%clk 00:33:13]} {[%emt 00:00:37]} Nxe7 {[%clk 01:03:28]} {[%emt
00:01:01]} 21. Qd3 {[%clk 00:32:05]} {[%emt 00:01:38]} Bf5 {[%clk 01:03:04]}
{[%emt 00:00:53]} 22. Qd2 {[%clk 00:31:36]} {[%emt 00:01:00]} fxg3 {[%clk
00:59:50]} {[%emt 00:03:44]} 23. fxg3 {[%clk 00:31:30]} {[%emt 00:00:37]} Qd5
{[%clk 00:58:51]} {[%emt 00:01:29]} 24. Qf2 {[%clk 00:29:37]} {[%emt 00:02:22]}
Qb3 {[%clk 00:56:35]} {[%emt 00:02:45]} 25. Re3 {[%clk 00:17:17]} {[%emt
00:12:51]} Qa2 {[%clk 00:53:59]} {[%emt 00:03:06]} 26. Rec3 {[%clk 00:16:08]}
{[%emt 00:01:39]} Nd5 {[%clk 00:48:06]} {[%emt 00:06:24]} 27. Rxc8 {[%clk
00:13:12]} {[%emt 00:03:26]} Rxc8 {[%clk 00:48:31]} {[%emt 00:00:05]} 28. Rxc8+
{[%clk 00:12:02]} {[%emt 00:01:40]} Bxc8 {[%clk 00:48:49]} {[%emt 00:00:12]}
29. Ng5 {[%clk 00:11:18]} {[%emt 00:01:13]} Qb1+ {[%clk 00:48:08]} {[%emt
00:01:11]} 30. Qf1 {[%clk 00:09:09]} {[%emt 00:02:39]} Qxf1+ {[%clk 00:45:56]}
{[%emt 00:02:42]} 31. Kxf1 {[%clk 00:09:33]} {[%emt 00:00:07]} Ne3+ {[%clk
00:46:17]} {[%emt 00:00:09]} 32. Ke2 {[%clk 00:08:51]} {[%emt 00:01:11]} Nf5
{[%clk 00:45:18]} {[%emt 00:01:28]} 33. Ne4 {[%clk 00:07:22]} {[%emt 00:02:00]}
Be6 {[%clk 00:45:22]} {[%emt 00:00:25]} 34. d5 {[%clk 00:06:02]} {[%emt
00:01:50]} Bc8 {[%clk 00:44:17]} {[%emt 00:01:37]} 35. Kf3 {[%clk 00:05:28]}
{[%emt 00:01:03]} b5 {[%clk 00:44:18]} {[%emt 00:00:29]} 36. d6 {[%clk
00:03:52]} {[%emt 00:02:07]} Kf8 {[%clk 00:43:30]} {[%emt 00:01:17]} 37. Kf4
{[%clk 00:03:18]} {[%emt 00:01:04]} Ng7 {[%clk 00:41:34]} {[%emt 00:02:25]} 38.
Kg5 {[%clk 00:02:47]} {[%emt 00:01:02]} f5 {[%clk 00:27:50]} {[%emt 00:14:15]}
39. exf6 {[%clk 00:01:09]} {[%emt 00:02:07]} Ne6+ {[%clk 00:27:28]} {[%emt
00:00:52]} 40. Kh6 {[%clk 00:01:33]} {[%emt 00:00:06]} Nd8 {[%clk 00:27:29]}
{[%emt 00:00:28]} 41. Nc5 {[%clk 00:17:46]} {[%emt 00:14:17]} Kg8 {[%clk
00:38:39]} {[%emt 00:19:20]} 42. Kg5 {[%clk 00:12:59]} {[%emt 00:05:18]} Nf7+
{[%clk 00:38:56]} {[%emt 00:00:12]} 43. Kf4 {[%clk 00:13:23]} {[%emt 00:00:07]}
Nxd6 {[%clk 00:39:20]} {[%emt 00:00:06]} 44. g4 {[%clk 00:09:43]} {[%emt
00:04:10]} Kf7 {[%clk 00:37:10]} {[%emt 00:02:40]} 45. a4 {[%clk 00:05:56]}
{[%emt 00:04:17]} h5 {[%clk 00:35:21]} {[%emt 00:02:19]} 46. gxh5 {[%clk
00:04:52]} {[%emt 00:01:34]} gxh5 {[%clk 00:34:33]} {[%emt 00:01:17]} 47. Kg5
{[%clk 00:04:27]} {[%emt 00:00:56]} Bg4 {[%clk 00:31:06]} {[%emt 00:03:57]} 48.
a5 {[%clk 00:03:39]} {[%emt 00:01:18]} Nc4 {[%clk 00:22:55]} {[%emt 00:08:41]}
49. Ba1 {[%clk 00:02:59]} {[%emt 00:01:09]} Nd2 {[%clk 00:20:27]} {[%emt
00:02:58]} 50. Nxa6 {[%clk 00:02:20]} {[%emt 00:01:10]} Nf3+ {[%clk 00:06:05]}
{[%emt 00:14:52]} 51. Kf4 {[%clk 00:02:38]} {[%emt 00:00:11]} Nxh4 {[%clk
00:05:52]} {[%emt 00:00:43]} 52. Nc7 {[%clk 00:02:26]} {[%emt 00:00:41]} Ng6+
{[%clk 00:04:19]} {[%emt 00:02:04]} 53. Kg3 {[%clk 00:02:24]} {[%emt 00:00:32]}
Bc8 {[%clk 00:03:07]} {[%emt 00:01:42]} 54. a6 {[%clk 00:02:14]} {[%emt
00:00:41]} h4+ {[%clk 00:03:31]} {[%emt 00:00:06]} 55. Kh2 {[%clk 00:02:27]}
{[%emt 00:00:16]} Nf4 {[%clk 00:00:58]} {[%emt 00:03:04]} 56. a7 {[%clk
00:01:57]} {[%emt 00:01:00]} Bb7 {[%clk 00:01:22]} {[%emt 00:00:06]} 57. Nxb5
{[%clk 00:01:30]} {[%emt 00:00:58]} Bc6 {[%clk 00:00:49]} {[%emt 00:01:03]} 58.
Nc7 {[%clk 00:01:12]} {[%emt 00:00:46]} Bb7 {[%clk 00:00:33]} {[%emt 00:00:47]}
59. a8=Q {[%clk 00:01:25]} {[%emt 00:00:17]} Bxa8 {[%clk 00:01:02]} {[%emt
00:00:01]} 60. Nxa8 {[%clk 00:01:44]} {[%emt 00:00:11]} Nd5 {[%clk 00:01:06]}
{[%emt 00:00:25]} 61. b5 {[%clk 00:01:28]} {[%emt 00:00:46]} Ke8 {[%clk
00:01:17]} {[%emt 00:00:19]} 62. b6 {[%clk 00:01:44]} {[%emt 00:00:15]} Nxf6
{[%clk 00:01:14]} {[%emt 00:00:32]} 63. Bxf6 {[%clk 00:02:00]} {[%emt
00:00:15]} Kd7 {[%clk 00:01:43]} {[%emt 00:00:02]} 64. b7 {[%clk 00:02:16]}
{[%emt 00:00:13]} h3 {[%clk 00:01:47]} {[%emt 00:00:26]} 65. b8=Q {[%clk
00:02:35]} {[%emt 00:00:11]} Ke6 {[%clk 00:02:12]} {[%emt 00:00:04]} 66. Qe5+
{[%clk 00:02:58]} {[%emt 00:00:08]} Kf7 {[%clk 00:02:37]} {[%emt 00:00:04]} 67.
Bd8 {[%clk 00:03:15]} {[%emt 00:00:13]} Kf8 {[%clk 00:02:47]} {[%emt 00:00:20]}
68. Qe7+ {[%clk 00:03:38]} {[%emt 00:00:07]} Kg8 {[%clk 00:03:12]} {[%emt
00:00:05]} 69. Bc7 {[%clk 00:04:00]} {[%emt 00:00:09]} Kh8 {[%clk 00:03:34]}
{[%emt 00:00:08]} 70. Be5+ {[%clk 00:04:26]} {[%emt 00:00:04]} Kg8 {[%clk
00:03:59]} {[%emt 00:00:05]} 71. Qg7# {[%clk 00:04:52]} {[%emt 00:00:03]} 1-0

[Event "DEM U12 2025"]
[Site "Willingen GER"]
[Date "2025.06.08"]
[Round "1"]
[White "Döscher, Rasmus"]
[Black "Andersen, Jonathan"]
[Result "0-1"]
[Termination "normal"]
[Board "24"]
[WhiteElo "1569"]
[BlackElo "1787"]
[WhiteClock "00:09:26"]
[BlackClock "00:12:02"]
[PlyCount "78"]
[WhiteFideId "34625038"]
[BlackFideId "34623884"]
[EventCountry "GER"]
[EventRounds "9"]
[EventType "swiss"]
[EventDate "2025.06.07"]

1. d4 {[%clk 01:30:59]} {[%emt 00:00:01]} Nf6 {[%clk 01:30:55]} {[%emt
00:00:06]} 2. c4 {[%clk 01:31:21]} {[%emt 00:00:07]} g6 {[%clk 01:31:22]}
{[%emt 00:00:04]} 3. Nc3 {[%clk 01:31:44]} {[%emt 00:00:07]} d5 {[%clk
01:31:45]} {[%emt 00:00:07]} 4. cxd5 {[%clk 01:20:27]} {[%emt 00:11:46]} Nxd5
{[%clk 01:32:09]} {[%emt 00:00:07]} 5. e4 {[%clk 01:20:33]} {[%emt 00:00:23]}
Nxc3 {[%clk 01:32:35]} {[%emt 00:00:04]} 6. bxc3 {[%clk 01:20:59]} {[%emt
00:00:05]} Bg7 {[%clk 01:32:59]} {[%emt 00:00:05]} 7. Nf3 {[%clk 01:14:58]}
{[%emt 00:06:31]} c5 {[%clk 01:33:10]} {[%emt 00:00:19]} 8. Bb2 {[%clk
01:11:26]} {[%emt 00:04:03]} Bg4 {[%clk 01:31:06]} {[%emt 00:02:33]} 9. Bc4
{[%clk 01:06:37]} {[%emt 00:05:19]} O-O {[%clk 01:30:21]} {[%emt 00:01:15]} 10.
d5 {[%clk 00:58:08]} {[%emt 00:08:59]} Qa5 {[%clk 01:27:19]} {[%emt 00:03:33]}
11. Qd3 {[%clk 00:46:37]} {[%emt 00:12:01]} Nd7 {[%clk 01:19:44]} {[%emt
00:08:05]} 12. O-O {[%clk 00:42:20]} {[%emt 00:04:46]} Nb6 {[%clk 01:08:36]}
{[%emt 00:11:39]} 13. Nd2 {[%clk 00:40:24]} {[%emt 00:02:25]} Na4 {[%clk
01:06:46]} {[%emt 00:02:20]} 14. Nb3 {[%clk 00:38:25]} {[%emt 00:02:30]} Nxb2
{[%clk 01:05:33]} {[%emt 00:01:42]} 15. Nxa5 {[%clk 00:35:58]} {[%emt
00:02:57]} Nxd3 {[%clk 01:05:56]} {[%emt 00:00:06]} 16. Bxd3 {[%clk 00:36:17]}
{[%emt 00:00:12]} Bxc3 {[%clk 01:06:20]} {[%emt 00:00:06]} 17. Nxb7 {[%clk
00:36:38]} {[%emt 00:00:09]} Bxa1 {[%clk 01:06:44]} {[%emt 00:00:05]} 18. Rxa1
{[%clk 00:37:05]} {[%emt 00:00:04]} Rfc8 {[%clk 01:06:17]} {[%emt 00:00:56]}
19. Bb5 {[%clk 00:34:20]} {[%emt 00:03:15]} Rab8 {[%clk 01:04:25]} {[%emt
00:02:24]} 20. Bc6 {[%clk 00:34:25]} {[%emt 00:00:25]} c4 {[%clk 01:04:38]}
{[%emt 00:00:16]} 21. f3 {[%clk 00:34:22]} {[%emt 00:00:33]} Be6 {[%clk
00:56:29]} {[%emt 00:08:39]} 22. Na5 {[%clk 00:31:59]} {[%emt 00:02:53]} c3
{[%clk 00:54:23]} {[%emt 00:02:37]} 23. Rc1 {[%clk 00:27:54]} {[%emt 00:04:34]}
Rb2 {[%clk 00:47:36]} {[%emt 00:07:16]} 24. dxe6 {[%clk 00:26:25]} {[%emt
00:02:00]} c2 {[%clk 00:47:45]} {[%emt 00:00:22]} 25. Kf2 {[%clk 00:26:28]}
{[%emt 00:00:26]} fxe6 {[%clk 00:34:04]} {[%emt 00:14:11]} 26. Ke2 {[%clk
00:25:02]} {[%emt 00:01:56]} Kf7 {[%clk 00:33:21]} {[%emt 00:01:13]} 27. a4
{[%clk 00:23:50]} {[%emt 00:01:41]} Kf6 {[%clk 00:23:47]} {[%emt 00:10:04]} 28.
Kd2 {[%clk 00:23:44]} {[%emt 00:00:36]} Rb6 {[%clk 00:17:07]} {[%emt 00:07:10]}
29. Rxc2 {[%clk 00:23:47]} {[%emt 00:00:27]} Ra6 {[%clk 00:17:31]} {[%emt
00:00:06]} 30. Rc5 {[%clk 00:22:46]} {[%emt 00:01:31]} e5 {[%clk 00:14:24]}
{[%emt 00:03:38]} 31. Kd3 {[%clk 00:22:10]} {[%emt 00:01:06]} h5 {[%clk
00:14:32]} {[%emt 00:00:21]} 32. Kc4 {[%clk 00:13:54]} {[%emt 00:08:46]} Rxa5
{[%clk 00:14:39]} {[%emt 00:00:23]} 33. Rxa5 {[%clk 00:14:16]} {[%emt
00:00:08]} Rxc6+ {[%clk 00:15:05]} {[%emt 00:00:04]} 34. Rc5 {[%clk 00:14:38]}
{[%emt 00:00:08]} Rd6 {[%clk 00:14:29]} {[%emt 00:01:06]} 35. Rd5 {[%clk
00:10:09]} {[%emt 00:04:59]} Ra6 {[%clk 00:13:08]} {[%emt 00:01:51]} 36. a5
{[%clk 00:10:31]} {[%emt 00:00:08]} e6 {[%clk 00:11:46]} {[%emt 00:01:54]} 37.
Rc5 {[%clk 00:10:40]} {[%emt 00:00:19]} Rd6 {[%clk 00:11:31]} {[%emt 00:00:44]}
38. Kc3 {[%clk 00:09:13]} {[%emt 00:01:58]} Rd1 {[%clk 00:11:37]} {[%emt
00:00:24]} 39. Rc7 {[%clk 00:09:26]} {[%emt 00:00:18]} Rc1+ {[%clk 00:12:02]}
{[%emt 00:00:05]} 0-1

[Event "DEM U12 2025"]
[Site "Willingen GER"]
[Date "2025.06.08"]
[Round "1"]
[White "Zielke, Mika"]
[Black "Poladli, Firuz"]
[Result "0-1"]
[Termination "normal"]
[Board "25"]
[WhiteElo "1733"]
[BlackElo "1584"]
[WhiteClock "00:09:12"]
[BlackClock "00:30:50"]
[PlyCount "162"]
[WhiteFideId "34661816"]
[BlackFideId "13471236"]
[EventCountry "GER"]
[EventRounds "9"]
[EventType "swiss"]
[EventDate "2025.06.07"]

1. e4 {[%clk 01:30:55]} {[%emt 00:00:05]} e5 {[%clk 01:30:54]} {[%emt
00:00:06]} 2. Nf3 {[%clk 01:31:10]} {[%emt 00:00:14]} Nc6 {[%clk 01:31:14]}
{[%emt 00:00:12]} 3. Bc4 {[%clk 01:31:11]} {[%emt 00:00:28]} Bc5 {[%clk
01:31:33]} {[%emt 00:00:10]} 4. c3 {[%clk 01:31:21]} {[%emt 00:00:20]} Nf6
{[%clk 01:31:57]} {[%emt 00:00:07]} 5. d3 {[%clk 01:31:33]} {[%emt 00:00:18]}
O-O {[%clk 01:32:13]} {[%emt 00:00:14]} 6. O-O {[%clk 01:31:27]} {[%emt
00:00:35]} d6 {[%clk 01:32:40]} {[%emt 00:00:05]} 7. Re1 {[%clk 01:30:25]}
{[%emt 00:01:31]} Be6 {[%clk 01:32:03]} {[%emt 00:01:07]} 8. Bb3 {[%clk
01:25:27]} {[%emt 00:05:29]} h6 {[%clk 01:30:50]} {[%emt 00:01:42]} 9. Nbd2
{[%clk 01:21:34]} {[%emt 00:04:22]} Ng4 {[%clk 01:30:17]} {[%emt 00:01:02]} 10.
Re2 {[%clk 01:19:17]} {[%emt 00:02:49]} Nf6 {[%clk 01:30:05]} {[%emt 00:00:41]}
11. Nf1 {[%clk 01:14:02]} {[%emt 00:05:46]} Bg4 {[%clk 01:30:01]} {[%emt
00:00:33]} 12. Re1 {[%clk 01:11:21]} {[%emt 00:03:12]} Qd7 {[%clk 01:29:59]}
{[%emt 00:00:31]} 13. h3 {[%clk 01:00:51]} {[%emt 00:11:01]} Bh5 {[%clk
01:26:30]} {[%emt 00:03:59]} 14. Ng3 {[%clk 01:00:51]} {[%emt 00:00:30]} Kh8
{[%clk 01:24:22]} {[%emt 00:02:37]} 15. Nxh5 {[%clk 00:59:42]} {[%emt
00:01:40]} Nxh5 {[%clk 01:24:13]} {[%emt 00:00:39]} 16. Ba4 {[%clk 00:52:04]}
{[%emt 00:08:09]} Qe7 {[%clk 01:22:45]} {[%emt 00:01:57]} 17. d4 {[%clk
00:41:43]} {[%emt 00:10:51]} Bb6 {[%clk 01:21:52]} {[%emt 00:01:23]} 18. Be3
{[%clk 00:39:17]} {[%emt 00:02:56]} Nf4 {[%clk 01:21:52]} {[%emt 00:00:29]} 19.
Qd2 {[%clk 00:38:42]} {[%emt 00:01:07]} g5 {[%clk 01:20:35]} {[%emt 00:01:46]}
20. dxe5 {[%clk 00:36:34]} {[%emt 00:02:38]} dxe5 {[%clk 01:20:22]} {[%emt
00:00:43]} 21. Bxf4 {[%clk 00:35:56]} {[%emt 00:01:07]} gxf4 {[%clk 01:19:22]}
{[%emt 00:01:31]} 22. Qe2 {[%clk 00:34:29]} {[%emt 00:01:57]} Rg8 {[%clk
01:19:26]} {[%emt 00:00:25]} 23. Nh2 {[%clk 00:33:50]} {[%emt 00:01:09]} Rg6
{[%clk 01:18:48]} {[%emt 00:01:06]} 24. Qh5 {[%clk 00:33:10]} {[%emt 00:01:12]}
Rag8 {[%clk 01:16:38]} {[%emt 00:02:35]} 25. Ng4 {[%clk 00:33:10]} {[%emt
00:00:36]} Kh7 {[%clk 01:15:20]} {[%emt 00:01:45]} 26. Bxc6 {[%clk 00:30:31]}
{[%emt 00:03:12]} bxc6 {[%clk 01:14:23]} {[%emt 00:01:27]} 27. Kh1 {[%clk
00:28:13]} {[%emt 00:02:47]} f6 {[%clk 01:13:47]} {[%emt 00:01:03]} 28. Qf5
{[%clk 00:27:21]} {[%emt 00:01:26]} Kh8 {[%clk 01:12:23]} {[%emt 00:01:52]} 29.
Rad1 {[%clk 00:27:14]} {[%emt 00:00:39]} R8g7 {[%clk 01:11:40]} {[%emt
00:01:11]} 30. Qc8+ {[%clk 00:25:14]} {[%emt 00:02:31]} Rg8 {[%clk 01:09:56]}
{[%emt 00:02:14]} 31. Qf5 {[%clk 00:24:18]} {[%emt 00:01:26]} R8g7 {[%clk
01:06:58]} {[%emt 00:03:28]} 32. Rd2 {[%clk 00:23:10]} {[%emt 00:01:39]} Rg5
{[%clk 00:59:42]} {[%emt 00:07:42]} 33. Qxf6 {[%clk 00:23:00]} {[%emt
00:00:44]} Qxf6 {[%clk 00:59:13]} {[%emt 00:00:59]} 34. Nxf6 {[%clk 00:23:19]}
{[%emt 00:00:11]} R7g6 {[%clk 00:57:00]} {[%emt 00:02:42]} 35. Ng4 {[%clk
00:14:41]} {[%emt 00:09:09]} h5 {[%clk 00:56:25]} {[%emt 00:01:04]} 36. Nh2
{[%clk 00:14:25]} {[%emt 00:00:48]} Rxg2 {[%clk 00:55:06]} {[%emt 00:01:48]}
37. Nf3 {[%clk 00:14:03]} {[%emt 00:00:52]} Rg7 {[%clk 00:48:09]} {[%emt
00:07:26]} 38. Nxe5 {[%clk 00:12:31]} {[%emt 00:02:03]} Rxf2 {[%clk 00:46:31]}
{[%emt 00:02:07]} 39. Rxf2 {[%clk 00:11:44]} {[%emt 00:01:18]} Bxf2 {[%clk
00:44:35]} {[%emt 00:00:40]} 40. Rf1 {[%clk 00:09:45]} {[%emt 00:04:11]} Be3
{[%clk 00:44:25]} {[%emt 00:00:43]} 41. Nd3 {[%clk 00:08:51]} {[%emt 00:01:25]}
Kh7 {[%clk 00:42:45]} {[%emt 00:02:10]} 42. Nxf4 {[%clk 00:07:58]} {[%emt
00:01:23]} Rf7 {[%clk 00:42:17]} {[%emt 00:00:51]} 43. Rd1 {[%clk 00:05:16]}
{[%emt 00:03:20]} Bxf4 {[%clk 00:42:26]} {[%emt 00:00:19]} 44. Kg2 {[%clk
00:05:34]} {[%emt 00:00:13]} Bd6 {[%clk 00:42:28]} {[%emt 00:00:25]} 45. Re1
{[%clk 00:05:31]} {[%emt 00:00:36]} Kg6 {[%clk 00:41:28]} {[%emt 00:01:28]} 46.
e5 {[%clk 00:04:30]} {[%emt 00:01:33]} Re7 {[%clk 00:40:31]} {[%emt 00:01:27]}
47. Re4 {[%clk 00:03:57]} {[%emt 00:01:03]} Rxe5 {[%clk 00:39:25]} {[%emt
00:01:36]} 48. Rc4 {[%clk 00:03:36]} {[%emt 00:00:51]} Re2+ {[%clk 00:39:18]}
{[%emt 00:00:36]} 49. Kf3 {[%clk 00:03:43]} {[%emt 00:00:23]} Rxb2 {[%clk
00:39:30]} {[%emt 00:00:17]} 50. Rxc6 {[%clk 00:03:53]} {[%emt 00:00:22]} Rxa2
{[%clk 00:39:24]} {[%emt 00:00:35]} 51. c4 {[%clk 00:03:54]} {[%emt 00:00:31]}
Ra3+ {[%clk 00:39:26]} {[%emt 00:00:25]} 52. Ke4 {[%clk 00:03:58]} {[%emt
00:00:28]} Kf7 {[%clk 00:39:31]} {[%emt 00:00:23]} 53. c5 {[%clk 00:04:09]}
{[%emt 00:00:22]} Bh2 {[%clk 00:39:18]} {[%emt 00:00:42]} 54. Rh6 {[%clk
00:04:05]} {[%emt 00:00:34]} Rxh3 {[%clk 00:38:54]} {[%emt 00:00:53]} 55. Ra6
{[%clk 00:04:19]} {[%emt 00:00:17]} h4 {[%clk 00:34:50]} {[%emt 00:04:32]} 56.
Rxa7 {[%clk 00:04:26]} {[%emt 00:00:25]} Bg3 {[%clk 00:35:11]} {[%emt
00:00:09]} 57. Kf3 {[%clk 00:04:14]} {[%emt 00:00:42]} Ke6 {[%clk 00:34:55]}
{[%emt 00:00:42]} 58. Kg2 {[%clk 00:03:54]} {[%emt 00:00:54]} Rh2+ {[%clk
00:34:34]} {[%emt 00:00:51]} 59. Kg1 {[%clk 00:04:00]} {[%emt 00:00:23]} Kd5
{[%clk 00:34:27]} {[%emt 00:00:38]} 60. Ra5 {[%clk 00:04:01]} {[%emt 00:00:29]}
Rc2 {[%clk 00:34:12]} {[%emt 00:00:43]} 61. Ra6 {[%clk 00:03:38]} {[%emt
00:00:55]} h3 {[%clk 00:33:23]} {[%emt 00:01:19]} 62. Ra1 {[%clk 00:03:25]}
{[%emt 00:00:43]} Re2 {[%clk 00:32:00]} {[%emt 00:01:52]} 63. Rd1+ {[%clk
00:03:36]} {[%emt 00:00:20]} Kc6 {[%clk 00:32:08]} {[%emt 00:00:22]} 64. Kh1
{[%clk 00:03:30]} {[%emt 00:00:36]} Re1+ {[%clk 00:31:59]} {[%emt 00:00:40]}
65. Rxe1 {[%clk 00:03:53]} {[%emt 00:00:07]} Bxe1 {[%clk 00:32:27]} {[%emt
00:00:02]} 66. Kh2 {[%clk 00:04:16]} {[%emt 00:00:07]} Kxc5 {[%clk 00:32:44]}
{[%emt 00:00:13]} 67. Kxh3 {[%clk 00:04:39]} {[%emt 00:00:06]} Kd4 {[%clk
00:33:04]} {[%emt 00:00:10]} 68. Kg2 {[%clk 00:05:05]} {[%emt 00:00:06]} Kd3
{[%clk 00:33:26]} {[%emt 00:00:07]} 69. Kf1 {[%clk 00:05:28]} {[%emt 00:00:06]}
Kd2 {[%clk 00:33:50]} {[%emt 00:00:06]} 70. Kg2 {[%clk 00:05:52]} {[%emt
00:00:06]} c5 {[%clk 00:34:07]} {[%emt 00:00:12]} 71. Kf3 {[%clk 00:06:18]}
{[%emt 00:00:05]} c4 {[%clk 00:34:31]} {[%emt 00:00:06]} 72. Ke4 {[%clk
00:06:33]} {[%emt 00:00:15]} c3 {[%clk 00:34:53]} {[%emt 00:00:09]} 73. Ke5
{[%clk 00:06:44]} {[%emt 00:00:18]} c2 {[%clk 00:34:54]} {[%emt 00:00:30]} 74.
Kf5 {[%clk 00:07:08]} {[%emt 00:00:05]} c1=Q {[%clk 00:35:06]} {[%emt
00:00:13]} 75. Kg6 {[%clk 00:07:32]} {[%emt 00:00:12]} Qc5 {[%clk 00:35:23]}
{[%emt 00:00:13]} 76. Kh6 {[%clk 00:07:55]} {[%emt 00:00:06]} Qf5 {[%clk
00:35:28]} {[%emt 00:00:23]} 77. Kg7 {[%clk 00:08:14]} {[%emt 00:00:13]} Bh4
{[%clk 00:33:39]} {[%emt 00:02:18]} 78. Kh6 {[%clk 00:08:11]} {[%emt 00:00:34]}
Qf6+ {[%clk 00:30:34]} {[%emt 00:03:34]} 79. Kh7 {[%clk 00:08:31]} {[%emt
00:00:11]} Bg5 {[%clk 00:30:36]} {[%emt 00:00:27]} 80. Kg8 {[%clk 00:08:49]}
{[%emt 00:00:13]} Bh6 {[%clk 00:30:53]} {[%emt 00:00:13]} 81. Kh7 {[%clk
00:09:12]} {[%emt 00:00:07]} Qg7# {[%clk 00:30:50]} {[%emt 00:00:02]} 0-1